000 00945nmm a2200301 a 4500
001 ocm0001864969
003 TR-IsHL
005 20201028172804.0
008 180520s2017 tu tur
007 cr cn
020 _a9786055201647
035 _a1864969
_b(N$T)
050 0 4 _aQA76.76.C672
_bŞ24 2017
090 0 4 _aQA76.76.C672
_bŞ24 2017
100 1 _aŞahin, Güvenç
245 1 0 _aUnreal engine 4
_h[electronic resource] /
_cGüvenç Şahin
250 _aİkinci basım
260 _aİstanbul :
_bKodlab,
_c2017
300 _a265 p.
650 4 _aBilgisayar
650 4 _aComputer Sciences
650 0 _aBilgisayaroyunları
_x Programlama
650 0 _aComputer games
_x Programming
650 0 _aBilgisayar grafikleri
650 0 _aComputer graphics
650 7 _aCOMPUTERS / Programming / Games
_2bisacsh
856 4 0 _uhttp://search.ebscohost.com/login.aspx?direct=true&scope=site&db=e011xww&AN=1864969
999 _c17375
_d17375